Loading...
| History - European | 0 | 2 | 0 | 1 | 20 | 108 | 124.50 | 0 | 1 | 5.23 | 10.00 |
| Geography | 1 | 1 | 1 | 1 | 20 | 21 | 75.00 | 0 | 1 | 22.61 | 40.00 |
| Science - Physics | 0 | 2 | 0 | 0 | 20 | 97 | 105.50 | 0 | 1 | 1.03 | 13.33 |
| History - Other | 1 | 0 | 0 | 0 | 15 | 53 | 53.00 | 0 | 1 | 0.00 | 0.00 |
| Science - Other | 0 | 1 | 0 | 0 | 10 | 91 | 91.00 | 0 | 1 | 22.85 | 42.22 |
| History - American | 0 | 1 | 0 | 1 | 10 | 128 | 128.00 | 0 | 0 | 8.94 | 13.33 |
| History - World | 0 | 1 | 0 | 0 | 10 | 150 | 150.00 | 0 | 0 | 12.40 | 20.00 |
| Fine Arts - Other | 0 | 1 | 0 | 0 | 10 | 113 | 113.00 | 1 | 1 | 2.64 | 16.67 |
| Other Academic | 0 | 1 | 0 | 0 | 10 | 121 | 121.00 | 0 | 0 | 0.00 | 0.00 |
| Science - Biology | 0 | 1 | 1 | 1 | 5 | 131 | 131.00 | 0 | 1 | 7.49 | 16.67 |
| Short Fiction and Other | 0 | 0 | 0 | 0 | 0 | 0.00 | 0 | 0 | 0.00 | 0.00 | |
| Science - Chemistry | 0 | 0 | 0 | 0 | 0 | 0.00 | 0 | 0 | 3.47 | 6.67 | |
| Literature - Long Fiction | 0 | 0 | 0 | 0 | 0 | 0.00 | 0 | 0 | 0.00 | 0.00 | |
| Social Science | 0 | 0 | 1 | 0 | -5 | 0.00 | 0 | 0 | 5.65 | 13.33 | |
| Literature - Drama | 0 | 0 | 1 | 0 | -5 | 0.00 | 0 | 0 | 0.00 | 0.00 | |
| Current Events | 0 | 0 | 1 | 0 | -5 | 0.00 | 0 | 0 | 12.61 | 33.33 |